Borussia Dortmund Squad 2025-2026 - Statistics

General Stats
  • This quiz has been taken 275 times
    47 since last reset
  • The average score is 23 of 30
Answer Stats
# Position Nation Player % Correct
1 GK Switzerland Gregor Kobel
97%
20 MF Austria Marcel Sabitzer
97%
9 FW Guinea Serhou Guirassy
97%
7 MF England Jobe Bellingham
95%
4 DF Germany Nico Schlotterbeck
92%
5 DF Algeria Ramy Bensebaini
92%
24 DF Sweden Daniel Svensson
89%
8 MF Germany Felix Nmecha
89%
26 DF Norway Julian Ryerson
89%
27 FW Germany Karim Adeyemi
89%
- Coach Croatia Niko Kovač
89%
6 MF Turkey Salih Özcan
89%
2 DF Brazil Yan Couto
89%
21 FW Portugal Fábio Silva
87%
10 MF Germany Julian Brandt
87%
25 DF Germany Niklas Süle
87%
23 MF Germany Emre Can
84%
14 FW Germany Maximilian Beier
84%
3 DF Germany Waldemar Anton
79%
17 MF England Carney Chukwuemeka
76%
16 FW Belgium Julien Duranville
74%
33 GK Germany Alexander Meyer
71%
28 DF Argentina Aarón Anselmino
68%
49 DF Italy Luca Reggiani
58%
13 MF Germany Pascal Groß
55%
37 FW United States Cole Campbell
53%
39 DF Italy Filippo Mané
53%
31 GK Germany Silas Ostrzinski
42%
30 GK Germany Patrick Drewes
34%
42 DF Germany Almugera Kabar
32%
No matching quizzes found
Score Distribution
Percent of People with Each Score
Percentile by Number Answered
Your Score History
You have not taken this quiz since the last reset